Spravodaj Slovenskej speleologickej spoločnosti

Bibliographic Details
Format: Journal
Language:Slovak
PhysicalDescription:zv. obr., tab. 23 cm
Published: Liptovský Mikuláš Slovenská speleologická spoločnosť 1968-
ISSN:1335-5023
Subjects:
Online Access:http://www.sss.sk/s.php?t=1&m=28&page=1
http://www.sss.sk

MARC

LEADER 00000cas a2200000 a 4500
001 vtls008881304
003 SK-MaSNL
005 20260228162138.0
008 170407d19689999xo qr|p 0 0 b0slo
022 |a 1335-5023 
035 |a (SVKBB03)vtls000062359 
040 |a SVKBB  |b slo  |c SVKBB  |d SAVUK  |d SNK  |e AACR2 
041 0 |a slo  |b eng 
044 |a xo  |c SK 
072 7 |a 551  |x Geológia. Meteorológia. Klimatológia  |2 konspekt 
080 |a 551.44  |2 2001 
080 |a 551.442  |2 2001 
080 |a 050  |2 2001 
080 |a (055)  |2 2001 
210 0 |a Sprav. Slov. speleol. spol. 
222 0 |a Spravodaj Slovenskej speleologickej spoločnosti 
245 0 0 |a Spravodaj Slovenskej speleologickej spoločnosti 
246 3 3 |a Spravodaj SSP 
246 3 3 |a Spravodaj SSS 
246 3 1 |a Bulletin of the Slovak Speleological Society 
260 |a Liptovský Mikuláš  |b Slovenská speleologická spoločnosť  |c 1968- 
300 |a zv.  |b obr., tab.  |c 23 cm 
310 |a 4x ročne 
362 0 |a [1968]- 
500 |a Na internetovej stránke spoločnosti sú uverejnené obsahy jednotlivých čísiel spravodaja 
500 |a Popis podľa r. 1970 
504 |a Bibliogr. odkazy 
546 |a Res. angl. 
650 0 7 |a speleológia  |2 SNKPH  |9 17878 
650 0 7 |a jaskyne  |2 SNKPH  |9 20772 
655 7 |a bulletiny  |2 SNKPH  |9 70453 
655 7 |a odborné časopisy  |2 SNKPH  |9 70505 
710 1 |a Slovenská speleologická spoločnosť (Liptovský Mikuláš, Slovensko)  |4 pbl  |9 250418 
852 |a Štátna vedecká knižnica v Banskej Bystrici 
856 4 1 |u http://www.sss.sk/s.php?t=1&m=28&page=1 
856 4 1 |u http://www.sss.sk 
910 |a snk 
916 |a 1970-1990,1992-2001,2004-2005,2010-2011 
999 |c 6940  |d 8870 
952 |0 0  |1 0  |4 0  |7 0  |a SNK  |b SNK  |d 1999-09-17  |l 0  |o snkČSC 1847/16/1985 D1  |p 17A0210267  |r 2005-01-02 00:00:00  |t č. 1-4  |w 2026-02-21  |y PREZ 
952 |0 0  |1 0  |4 0  |7 0  |a SNK  |b SNK  |d 1999-09-17  |l 0  |o snkČSC 1847/13/1982 D1  |p 17A0210495  |r 2005-01-02 00:00:00  |t č. 1-4  |w 2026-02-21  |y PREZ 
952 |0 0  |1 0  |4 0  |7 0  |8 0  |a SNK  |b SNK  |d 1999-10-08  |f 1  |i snkČSP 92/86  |l 0  |o snkČSC 1847/15/1984  |p 17A0213640  |r 2005-01-02 00:00:00  |t č. 1-4  |w 2026-02-21  |y PREZ 
952 |0 0  |1 0  |4 0  |7 0  |a SNK  |b SNK  |d 2010-01-25  |i snkČSP 957/73  |l 0  |o snkČSC 1847/1971 D1  |p 17A0642530  |r 2026-02-21 19:31:36  |t č. 1-4, neúpl.   |w 2026-02-21  |y PREZ  |z  chýba č. 4 
952 |0 0  |1 0  |4 0  |7 0  |a SNK  |b SNK  |d 2010-01-21  |i snkČSP 832/83  |l 0  |o snkČSC 1847/12/1981 D1  |p 17A0642105  |r 2026-02-21 19:42:36  |t č. 1-4  |w 2026-02-21  |y PREZ 
952 |0 0  |1 0  |4 0  |7 0  |a SNK  |b SNK  |d 1997-12-18  |l 0  |o snkČSC 1847/20/1989 D1  |p 17A0115778  |r 2005-01-02 00:00:00  |t č. 1-2  |w 2026-02-21  |y PREZ 
952 |0 0  |1 0  |3 rekatalogizácia  |4 0  |7 0  |a SNK  |b SNK  |d 2007-02-09  |f 1  |i snkČSP 913/91  |l 0  |o snkČSC 1847/18/1987  |p 17A0527848  |r 2026-02-21 20:19:45  |t č. 1-2  |w 2026-02-21  |y PREZ 
952 |0 0  |1 0  |3 rekatalogizácia  |4 0  |7 0  |a SNK  |b SNK  |d 2007-02-09  |f 1  |i snkČSP 2471/99  |l 0  |o snkČSC 1847/[24]/1993  |p 17A0527847  |r 2026-02-21 20:19:45  |t č. 1-4  |w 2026-02-21  |y PREZ 
952 |0 0  |1 0  |3 rekatalogizácia  |4 0  |7 0  |a SNK  |b SNK  |d 2007-03-30  |i snkČSP 964/88  |l 0  |o snkČSC 1847/17/1986 D1  |p 17A0546626  |r 2026-02-21 20:27:48  |t č. 1-4  |w 2026-02-21  |y PREZ 
952 |0 0  |1 0  |4 0  |7 0  |a SNK  |b SNK  |d 2014-02-22  |i snkČSP 2462/99  |l 0  |o snkČSC 1847/26/1995 D1  |p 17A1023923  |r 2026-02-21 20:32:32  |t č. 1-4  |w 2026-02-21  |y PREZ 
952 |0 0  |1 0  |4 0  |7 0  |a SNK  |b SNK  |d 2014-02-22  |i snkČSP 2470/99  |l 0  |o snkČSC 1847/25/1994 D1  |p 17A1023924  |r 2026-02-21 20:32:32  |t č. 1-4  |w 2026-02-21  |y PREZ 
952 |0 0  |1 0  |4 0  |7 0  |a SNK  |b SNK  |d 1997-09-30  |f 1  |i snkČSP 1501/80  |l 0  |o snkČSC 1847/1979  |p 17A0099300  |r 2005-01-02 00:00:00  |t č. 1-4  |w 2026-02-21  |y PREZ 
952 |0 0  |1 0  |4 0  |7 0  |a SNK  |b SNK  |d 1997-09-30  |f 1  |i snkČSP 1550/78  |l 0  |o snkČSC 1847/1978  |p 17A0099286  |r 2005-01-02 00:00:00  |t č. 1-4  |w 2026-02-21  |y PREZ 
952 |0 0  |1 0  |4 0  |7 0  |a SNK  |b SNK  |d 1997-09-30  |f 1  |i snkČSP 1442/77  |l 0  |o snkČSC 1847/1977  |p 17A0099173  |r 2005-01-02 00:00:00  |t č. 1-4  |w 2026-02-21  |y PREZ 
952 |0 0  |1 0  |4 0  |7 0  |a SNK  |b SNK  |d 1997-09-30  |f 1  |i snkČSP 236/78  |l 0  |o snkČSC 1847/1976  |p 17A0099473  |r 2005-01-02 00:00:00  |t č. 1-4  |w 2026-02-21  |y PREZ 
952 |0 0  |1 0  |4 0  |7 0  |a SNK  |b SNK  |d 1997-09-30  |f 1  |i snkČSP 1440/75  |l 0  |o snkČSC 1847/1975  |p 17A0099438  |r 2005-01-02 00:00:00  |t č. 1-4  |w 2026-02-21  |y PREZ 
952 |0 0  |1 0  |4 0  |7 0  |a SNK  |b SNK  |d 1997-10-01  |f 1  |i snkČSP 1748/81  |l 0  |o snkČSC 1847/11/1980  |p 17A0099436  |r 2005-01-02 00:00:00  |t č. 1-4  |w 2026-02-21  |y PREZ 
952 |0 0  |1 0  |4 0  |7 0  |a SNK  |b SNK  |d 2013-02-18  |i snkČSP 1405/74  |l 0  |o snkČSC 1847/1972 D1  |p 17A1052794  |r 2026-02-21 20:38:22  |t č. 1-4, neúpl.  |w 2026-02-21  |y PREZ  |z chýba č. 4 
952 |0 0  |1 0  |4 0  |7 0  |a SNK  |b SNK  |d 2013-02-18  |i snkČSP 272/85  |l 0  |o snkČSC 1847/14/1983 D1  |p 17A1052795  |r 2026-02-21 20:38:23  |t č. 1-4  |w 2026-02-21  |y PREZ 
952 |0 0  |1 0  |4 0  |7 0  |a SNK  |b SNK  |d 2013-02-18  |i snkČSP 93/86  |l 0  |o snkČSC 1847/15/1984 D1  |p 17A1052114  |r 2026-02-21 20:38:23  |t č. 1-4  |w 2026-02-21  |y PREZ 
952 |0 0  |1 0  |4 0  |7 0  |a SNK  |b SNK  |d 2012-02-07  |i snkČSP 1441/78  |l 0  |o snkČSC 1847/1975 D1  |p 17A0887126  |r 2026-02-21 20:40:33  |t č. 1-4  |w 2026-02-21  |y PREZ 
952 |0 0  |1 0  |4 0  |7 0  |a SNK  |b SNK  |d 2012-02-07  |i snkČSP 1749/81  |l 0  |o snkČSC 1847/1980 D1  |p 17A0887127  |r 2026-02-21 20:40:33  |t č. 1-4  |w 2026-02-21  |y PREZ 
952 |0 0  |1 0  |4 0  |7 0  |a SNK  |b SNK  |d 1997-12-18  |l 0  |o snkČSC 1847/21/1990 D1  |p 17A0115777  |r 2005-01-02 00:00:00  |t č. 1  |w 2026-02-21  |y PREZ 
952 |0 0  |1 0  |4 0  |7 0  |a SNK  |b SNK  |d 1998-08-17  |f 1  |i snkČSP 956/73  |l 0  |o snkČSC 1847/1971  |p 17A0156439  |r 2005-01-02 00:00:00  |t č. 1-4  |w 2026-02-21  |y PREZ 
952 |0 0  |1 0  |4 0  |7 0  |a SNK  |b SNK  |d 2015-06-15  |f 1  |i snkČSP 2469/99  |l 0  |o snkČSC 1847/25/1994  |p 17A1047891  |r 2026-02-21 21:35:03  |t č. 1-4  |w 2026-02-21  |y PREZ 
952 |0 0  |1 0  |4 0  |7 0  |a SNK  |b SNK  |d 2015-06-15  |f 1  |i snkČSP 2461/99  |l 0  |o snkČSC 1847/26/1995  |p 17A1047892  |r 2026-02-21 21:35:03  |t č. 1-4  |w 2026-02-21  |y PREZ 
952 |0 0  |1 0  |4 0  |7 0  |a SNK  |b SNK  |d 2015-06-15  |f 1  |i snkČSP 2463/99  |l 0  |o snkČSC 1847/27/1996  |p 17A1047893  |r 2026-02-21 21:35:03  |t č. 1-4  |w 2026-02-21  |y PREZ 
952 |0 0  |1 0  |4 0  |7 0  |a SNK  |b SNK  |d 1999-09-16  |l 0  |o snkČSC 1847/[23]/1992/D1  |p 17A0210362  |r 2005-01-02 00:00:00  |t č. 1-2  |w 2026-02-21  |y PREZ 
952 |0 0  |1 0  |4 0  |7 0  |a SNK  |b SNK  |d 2015-06-15  |f 1  |i snkČSP 831/83  |l 0  |o snkČSC 1847/12/1981   |p 17A1014416  |r 2026-02-21 21:45:29  |t č. 1-4  |w 2026-02-21  |y PREZ 
952 |0 0  |1 0  |4 0  |7 0  |a SNK  |b SNK  |d 2015-06-15  |f 1  |i snkČSP 2001/83  |l 0  |o snkČSC 1847/13/1982   |p 17A1014417  |r 2026-02-21 21:45:29  |t č. 1-4  |w 2026-02-21  |y PREZ 
952 |0 0  |1 0  |4 0  |7 0  |a SNK  |b SNK  |d 2015-06-15  |f 1  |i snkČSP 271/85  |l 0  |o snkČSC 1847/14/1983   |p 17A1014506  |r 2026-02-21 21:45:29  |t č. 1-4  |w 2026-02-21  |y PREZ 
952 |0 0  |1 0  |4 0  |7 0  |a SNK  |b SNK  |d 2015-06-15  |f 1  |i snkČSP 961/88  |l 0  |o snkČSC 1847/16/1985   |p 17A1014507  |r 2026-02-21 21:45:29  |t č. 1-4  |w 2026-02-21  |y PREZ 
952 |0 0  |1 0  |4 0  |7 0  |a SNK  |b SNK  |d 2015-06-15  |f 1  |i snkČSP 963/88  |l 0  |o snkČSC 1847/17/1986   |p 17A1014461  |r 2026-02-21 21:45:30  |t č. 1-4  |w 2026-02-21  |y PREZ 
952 |0 0  |1 0  |4 0  |7 0  |a SNK  |b SNK  |d 2015-06-15  |f 1  |i snkČSP 915/91  |l 0  |o snkČSC 1847/19/1988  |p 17A1014496  |r 2026-02-21 21:45:30  |t č. 1-2  |w 2026-02-21  |y PREZ  |z Vyšlo r. 1989 
952 |0 0  |1 0  |4 0  |7 0  |a SNK  |b SNK  |d 2015-06-15  |f 1  |i snkČSP 1567/91  |l 0  |o snkČSC 1847/20/1989  |p 17A1014933  |r 2026-02-21 21:45:30  |t č. 1-2  |w 2026-02-21  |y PREZ 
952 |0 0  |1 0  |4 0  |7 0  |a SNK  |b SNK  |d 2015-06-15  |f 1  |i snkČSP 6038/93  |l 0  |o snkČSC 1847/21/1990   |p 17A1014932  |r 2026-02-21 21:45:44  |t č. 1  |w 2026-02-21  |y PREZ 
952 |0 0  |1 0  |4 0  |7 0  |a SNK  |b SNK  |d 2015-06-15  |f 1  |i snkČSP 6040/93  |l 0  |o snkČSC 1847/[23]/1992  |p 17A1047890  |r 2026-02-21 21:45:44  |t č. 1-2  |w 2026-02-21  |y PREZ 
952 |0 0  |1 0  |4 0  |7 0  |a SNK  |b SNK  |d 2015-06-15  |f 1  |i snkČSP 2467/99  |l 0  |o snkČSC 1847/29/1998  |p 17A1047895  |r 2026-02-21 21:45:49  |t č. 1-4  |w 2026-02-21  |y PREZ 
952 |0 0  |1 0  |4 0  |7 0  |a SNK  |b SNK  |d 2015-06-15  |f 1  |i snkČSP 955/73  |l 0  |o snkČSC 1847/1970   |p 17A0799490  |r 2026-02-21 21:45:54  |t č. 1-4  |w 2026-02-21  |y PREZ 
952 |0 0  |1 0  |4 0  |7 0  |a SNK  |b SNK  |d 2015-06-15  |f 1  |i snkČSP 1406/74  |l 0  |o snkČSC 1847/1972   |p 17A0799491  |r 2026-02-21 21:45:54  |t č. 1-4  |w 2026-02-21  |y PREZ 
952 |0 0  |1 0  |4 0  |7 0  |a SNK  |b SNK  |d 2015-06-15  |f 1  |i snkČSP 1407/74  |l 0  |o snkČSC 1847/1973  |p 17A0799492  |r 2026-02-21 21:45:54  |t č. 1-4  |w 2026-02-21  |y PREZ 
952 |0 0  |1 0  |4 0  |7 0  |a SNK  |b SNK  |d 2015-06-15  |f 1  |i snkČSP 233/78  |l 0  |o snkČSC 1847/1974  |p 17A0799494  |r 2026-02-21 21:45:54  |t č. 1-4  |w 2026-02-21  |y PREZ 
952 |0 0  |1 0  |4 0  |7 0  |a SNK  |b SNK  |d 2015-06-15  |f 1  |i snkČSP 2465/99  |l 0  |o snkČSC 1847/28/1997  |p 17A1047894  |r 2026-02-21 21:45:55  |t č. 1-4  |w 2026-02-21  |y PREZ 
952 |0 0  |1 0  |4 0  |7 0  |8 0  |a SNK  |b SNK  |d 2015-06-22  |f 1  |i snk2015/19297  |l 0  |o snkČSC 1847/30/1999  |p 17A1047899  |r 2026-02-21 21:46:35  |t č. 1-4  |w 2026-02-21  |y PREZ 
952 |0 0  |1 0  |4 0  |7 0  |8 0  |a SNK  |b SNK  |d 2015-06-22  |f 1  |i snk2015/19298  |l 0  |o snkČSC 1847/31/2000  |p 17A1047900  |r 2026-02-21 21:46:35  |t č. 1-4  |w 2026-02-21  |y PREZ 
952 |0 0  |1 0  |4 0  |7 0  |8 0  |a SNK  |b SNK  |d 2015-06-22  |f 1  |i snk2015/19300  |l 0  |o snkČSC 1847/32/2001  |p 17A1047901  |r 2026-02-21 21:46:35  |t č. 1-4  |w 2026-02-21  |y PREZ 
952 |0 0  |1 0  |4 0  |7 0  |8 0  |a SNK  |b SNK  |d 2015-06-22  |f 1  |i snk2015/19302  |l 0  |o snkČSC 1847/35/2004  |p 17A1047902  |r 2026-02-21 21:46:35  |t č. 1-4  |w 2026-02-21  |y PREZ 
952 |0 0  |1 0  |4 0  |7 0  |8 0  |a SNK  |b SNK  |d 2015-06-22  |f 1  |i snk2015/19303  |l 0  |o snkČSC 1847/36/2005  |p 17A1047903  |r 2026-02-21 21:46:35  |t č. 1-2,4+Bulletin  |w 2026-02-21  |y PREZ 
952 |0 0  |1 0  |4 0  |7 0  |8 0  |a SNK  |b SNK  |d 2015-06-22  |f 1  |i snk2015/19306  |l 0  |o snkČSC 1847/41/2010  |p 17A1047904  |r 2026-02-21 21:46:35  |t č. 1-4  |w 2026-02-21  |y PREZ 
952 |0 0  |1 0  |4 0  |7 0  |8 0  |a SNK  |b SNK  |d 2015-06-22  |f 1  |i snk2015/19307  |l 0  |o snkČSC 1847/42/2011  |p 17A1047905  |r 2026-02-21 21:46:35  |t č. 1-4  |w 2026-02-21  |y PREZ 
952 |0 0  |1 0  |4 0  |7 0  |8 0  |a SNK  |b SNK  |d 2015-06-22  |i snk2015/19308  |l 0  |o snkČSC 1847/30/1999 D1  |p 17A1047906  |r 2026-02-21 21:46:35  |t č. 1-4  |w 2026-02-21  |y PREZ 
952 |0 0  |1 0  |4 0  |7 0  |8 0  |a SNK  |b SNK  |d 2015-06-22  |i snk2015/19311  |l 0  |o snkČSC 1847/31/2000 D1  |p 17A1047907  |r 2026-02-21 21:46:35  |t č. 1-4  |w 2026-02-21  |y PREZ 
952 |0 0  |1 0  |4 0  |7 0  |8 0  |a SNK  |b SNK  |d 2015-06-22  |i snk2015/19312  |l 0  |o snkČSC 1847/32/2001 D1  |p 17A1047908  |r 2026-02-21 21:46:35  |t č. 1-4  |w 2026-02-21  |y PREZ 
952 |0 0  |1 0  |4 0  |7 0  |8 0  |a SNK  |b SNK  |d 2015-06-22  |i snk2015/19314  |l 0  |o snkČSC 1847/35/2004 D1  |p 17A1047909  |r 2026-02-21 21:46:35  |t č. 1-4  |w 2026-02-21  |y PREZ 
952 |0 0  |1 0  |4 0  |7 3  |8 0  |a SNK  |b SNK  |d 2015-06-22  |i snk2015/19316  |l 0  |o snkČSC 1847/36/2005 D1  |p 17A1047910  |r 2026-02-21 21:46:35  |t č. 1-2,4+Bulletin  |w 2026-02-21  |y PREZ 
952 |0 0  |1 0  |4 0  |7 0  |8 0  |a SNK  |b SNK  |d 2015-06-22  |i snk2015/19317  |l 0  |o snkČSC 1847/41/2010 D1  |p 17A1047911  |r 2026-02-21 21:46:35  |t č. 1-4  |w 2026-02-21  |y PREZ 
952 |0 0  |1 0  |4 0  |7 0  |8 0  |a SNK  |b SNK  |d 2015-06-22  |i snk2015/19318  |l 0  |o snkČSC 1847/42/2011 D1  |p 17A1047912  |r 2026-02-21 21:46:35  |t č. 1-4  |w 2026-02-21  |y PREZ 
952 |0 0  |1 0  |4 0  |7 0  |8 0  |a SNK  |b SNK  |d 2016-10-04  |i snk2016/22996  |l 0  |o snkČSC 1847/43/2012  |p 17A1147788  |r 2026-02-21 22:09:46  |t č. 1-4  |w 2026-02-21  |y PREZ 
952 |0 0  |1 0  |4 0  |7 0  |8 0  |a SNK  |b SNK  |d 2016-10-04  |i snk2016/23006  |l 0  |o snkČSC 1847/43/2012 D1  |p 17A1147789  |r 2026-02-21 22:09:46  |t č. 1-4  |w 2026-02-21  |y PREZ 
952 |0 0  |1 0  |4 0  |7 0  |8 0  |a SNK  |b SNK  |d 2016-10-04  |i snk2016/23009  |l 0  |o snkČSC 1847/44/2013  |p 17A1147790  |r 2026-02-21 22:09:46  |t č. 1-4 + príl.  |w 2026-02-21  |y PREZ  |z Príloha: Bulletin 2013 
952 |0 0  |1 0  |4 0  |7 0  |8 0  |a SNK  |b SNK  |d 2016-10-04  |i snk2016/23010  |l 0  |o snkČSC 1847/44/2013 D1  |p 17A1147791  |r 2026-02-21 22:09:46  |t č. 1-4 + príl.  |w 2026-02-21  |y PREZ  |z Príloha: Bulletin 2013 
952 |0 0  |1 0  |4 0  |7 0  |8 0  |a SNK  |b SNK  |d 2016-10-04  |i snk2016/23012  |l 0  |o snkČSC 1847/45/2014  |p 17A1147792  |r 2026-02-21 22:09:46  |t č. 1-4  |w 2026-02-21  |y PREZ 
952 |0 0  |1 0  |4 0  |7 0  |8 0  |a SNK  |b SNK  |d 2016-10-04  |i snk2016/23014  |l 0  |o snkČSC 1847/45/2014 D1  |p 17A1147793  |r 2026-02-21 22:09:46  |t č. 1-4  |w 2026-02-21  |y PREZ 
952 |0 0  |1 0  |4 0  |7 0  |8 0  |a SNK  |b SNK  |d 2016-10-04  |i snk2016/23015  |l 0  |o snkČSC 1847/46/2015  |p 17A1147794  |r 2026-02-21 22:09:46  |t č. 1-4  |w 2026-02-21  |y PREZ 
952 |0 0  |1 0  |4 0  |7 0  |8 0  |a SNK  |b SNK  |d 2016-10-04  |i snk2016/23016  |l 0  |o snkČSC 1847/46/2015 D1  |p 17A1147795  |r 2026-02-21 22:09:46  |t č. 1-4  |w 2026-02-21  |y PREZ 
952 |0 0  |1 0  |4 0  |7 0  |a SNK  |b SNK  |d 2018-12-04  |i snkČSP 2468/99  |l 0  |o snkČSC 1847/29/1998 D1  |p 17A1190960  |r 2026-02-21 22:13:40  |w 2026-02-21  |y PREZ